000 00637cam a2200217 a 4500
001 000001223
005 20200929145519.0
008 931119s1968 es 000 f spa d
040 _aDO-SdBNP
_bspa
_cBNPHU
082 _a863. 44
_bB641c, 1968
100 1 _aBlanco, Luis Amado,
_d1903-1975.
_94168
245 1 0 _aCiudad rebelde /
_cLuis Amado Blanco.
250 _a2a ed.
260 _aBarcelona :
_bNova Terra,
_c1968.
300 _a433 p. ;
_c19 cm.
490 0 _aActitudes
_anovela
650 4 _aNovela espaƱola
_91123
650 4 _aLiteratura espaƱola
_9632
830 0 _aActitudes
_gnovela
_94169
830 0 _aActitudes
_pnovela
_94169
999 _c1171
_d1171